| 000 | 00723cab a2200241 4500 | ||
|---|---|---|---|
| 001 | WB2827-05 | ||
| 008 | 090401t1992 xxu||||| |||| 00| 0 eng d | ||
| 035 | _a(Sirsi) u55330 | ||
| 041 | _aeng | ||
| 245 | _aPRC housing | ||
| 260 | _c1992 | ||
| 350 | _a0 | ||
| 490 |
_aScottish Office Information Directorate _v(886) 20 June 1992 (3) |
||
| 520 | _aIn Scotland, owners of PRC homes are urged to apply for assistance under the housing defects legislation before the deadline of 30 November 1994. | ||
| 650 | _aASSISTANCE | ||
| 650 | _aHOUSING DEFECTS | ||
| 650 | _aPRC HOUSES | ||
| 650 | _aSCOTLAND | ||
| 690 | _aBUILT ENVIRONMENT-BUILDING PATHOLOGY | ||
| 690 | _aHOUSING | ||
| 942 | _n0 | ||
| 948 | _c04/03/1997 | ||
| 999 |
_c33794 _d33794 |
||